| 000 | 00885nam a2200325Ia 4500 | ||
|---|---|---|---|
| 001 | 76797 | ||
| 003 | IT-RoPAU | ||
| 008 | 130308s9999 xx 000 0 und d | ||
| 040 | _aIT-RoPAU | ||
| 040 | _cIT-RoPAU | ||
| 041 | _aITALIANO | ||
| 100 | _aCavani Liliana | ||
| 100 | _gCodice Aut. SPICS: 8251 | ||
| 245 | _aFrancesco-Sceneggiatura | ||
| 245 | _bFrancesco-Sceneggiatura | ||
| 250 | _a1a ed. | ||
| 260 | _aMILANO | ||
| 260 | _bLeonardo | ||
| 260 | _c1989 [1° Ed.:1989 - Ed.Ling.Originale:1989] | ||
| 300 | _a"144 p. (prefazione: no ; testo: 144 [pagine: 0-0])" | ||
| 500 | _aSceneggiatura del Film di Liliana Cavani di Cui è Anche Regista | ||
| 650 | _aAUTORI/OPERE DEL CINEMA | ||
| 650 | _eCodice materia Spics: 6807 | ||
| 700 | _aMazzoni Roberta | ||
| 700 | _gCodice Aut. SPICS: 3955 | ||
| 942 | _cBK | ||
| 957 | _71 | ||
| 999 |
_c71489 _d71489 |
||
| 999 | _bSI | ||
| 999 | _g1 | ||